Представление документа в формате MARC21

Поле Инд. ПП Название Значение
Тип записи a
Библиографический уровень b
001 Контрольный номер RU/IS/BASE/294243880
005 Дата корректировки 20260401204451.4
008 Кодируемые данные 20090428
084 a Индекс другой классификации/Индекс ББК 81.053.1
100 1_ a Автор Апресян Ю. Д.
q Полное имя Апресян Юрий Дереникович
245 10 a Заглавие О семантической мотивированности лексических функций-коллокатов
504 a Библиография Примеч. - Лит.: с. 31 - 33
650 04 a Основная рубрика лексикология
a Основная рубрика лексическая семантика
a Основная рубрика общее языкознание
a Основная рубрика филологические науки
a Основная рубрика языкознание
653 0_ a Ключевые слова глагол
a Ключевые слова коллокация
a Ключевые слова лексикографические функции
a Ключевые слова лексико-семантическая сочетаемость
a Ключевые слова лексическая связанность
a Ключевые слова лексическая устойчивость
a Ключевые слова лексические функции глаголов
a Ключевые слова русский язык
a Ключевые слова свободные словосочетания
a Ключевые слова семантика
a Ключевые слова семантическая мотивированность
a Ключевые слова семантические классы глаголов
773 18 t Заглавие источника Вопросы языкознания
d Дата издания источника 2008
g Прочая информация № 5. - С. 3 - 33
w Контрольный № источника RU/IS/BASE/282915685
901 t Тип документа b